The family gap for young women in the United States ND bRITAIN (Registro nro. 33538)

Detalles MARC
000 -LEADER
fixed length control field 00353 a2200109 4500
001 - CONTROL NUMBER
control field ART_43847
005 - DATE AND TIME OF LATEST TRANSACTION
control field 20260410162026.0
008 - FIXED-LENGTH DATA ELEMENTS--GENERAL INFORMATION
fixed length control field 260409a
100 1# - MAIN ENTRY--PERSONAL NAME
Personal name Waldfogel, Jane
245 10 - TITLE STATEMENT
Title The family gap for young women in the United States ND bRITAIN
773 0# - HOST ITEM ENTRY
Title Journal of labor economics
Related parts - Vol. 16, Nº 3 (jul. 1998)
Record control number REV43438

No hay ítems disponibles.